Studying English literature : (Record no. 18929)
[ view plain ]
| 000 -LEADER | |
|---|---|
| fixed length control field | 01072cam a22003015a 4500 |
| 001 - CONTROL NUMBER | |
| control field | 15374153 |
| 003 - CONTROL NUMBER IDENTIFIER | |
| control field | EG-ScBUE |
| 005 - DATE AND TIME OF LATEST TRANSACTION | |
| control field | 20210322100730.0 |
| 008 - FIXED-LENGTH DATA ELEMENTS--GENERAL INFORMATION | |
| fixed length control field | 080721r20152008xxka f b f001 0 eng d |
| 020 ## - INTERNATIONAL STANDARD BOOK NUMBER | |
| International Standard Book Number | 9780521690140 (pbk.) |
| 040 ## - CATALOGING SOURCE | |
| Original cataloging agency | UKM |
| Language of cataloging | eng |
| Description conventions | rda |
| Transcribing agency | UKM |
| Modifying agency | YDXCP |
| -- | BAKER |
| -- | BTCTA |
| -- | CDX |
| -- | C#P |
| -- | BWK |
| -- | BWX |
| -- | DLC |
| -- | EG-ScBUE |
| -- | EG-ScBUE |
| 082 04 - DEWEY DECIMAL CLASSIFICATION NUMBER | |
| Classification number | 820.711 |
| Item number | YOU |
| Edition number | 22 |
| 100 1# - MAIN ENTRY--PERSONAL NAME | |
| Personal name | Young, Tory, |
| Relator term | author. |
| 9 (RLIN) | 37312 |
| 245 10 - TITLE STATEMENT | |
| Title | Studying English literature : |
| Remainder of title | a practical guide / |
| Statement of responsibility, etc | Tory Young. |
| 250 ## - EDITION STATEMENT | |
| Edition statement | Tenth printing. |
| 264 #1 - PUBLICATION, DISTRIBUTION, ETC. (IMPRINT) | |
| Place of publication, distribution, etc | Cambridge, United Kingdom : |
| Name of publisher, distributor, etc | Cambridge University Press, |
| Date of publication, distribution, etc | 2015. |
| 300 ## - PHYSICAL DESCRIPTION | |
| Extent | xi, 172 pages : |
| Other physical details | illustrations ; |
| Dimensions | 23 cm |
| 336 ## - CONTENT TYPE | |
| Source | rdacontent |
| Content type term | text |
| Content type code | txt |
| 337 ## - MEDIA TYPE | |
| Source | rdamedia |
| Media type term | unmediated |
| Media type code | n |
| 338 ## - CARRIER TYPE | |
| Source | rdacarrier |
| Carrier type term | volume |
| Carrier type code | nc |
| 504 ## - BIBLIOGRAPHY, ETC. NOTE | |
| Bibliography, etc | Includes bibliographical references and index. |
| 650 #7 - SUBJECT ADDED ENTRY--TOPICAL TERM | |
| Topical term or geographic name as entry element | English literature |
| General subdivision | Study and teaching (Higher) |
| Source of heading or term | BUEsh |
| 9 (RLIN) | 37313 |
| 651 ## - SUBJECT ADDED ENTRY--GEOGRAPHIC NAME | |
| Source of heading or term | BUEsh |
| 653 ## - INDEX TERM--UNCONTROLLED | |
| Arrived date list | January2015 |
| Resource For college | Humanities: English |
| 653 ## - INDEX TERM--UNCONTROLLED | |
| Resource For college | Humanities: English |
| Arrived date list | September2016 |
| 655 ## - INDEX TERM--GENRE/FORM | |
| Form subdivision | Text book |
| 9 (RLIN) | 33728 |
| 942 ## - ADDED ENTRY ELEMENTS (KOHA) | |
| Source of classification or shelving scheme | Dewey Decimal Classification |
| Call number prefix | 820.711 YOU |
| Koha item type | Book - Textbooks |
| Withdrawn status | Lost status | Source of classification or shelving scheme | Damaged status | Not for loan | Collection code | Home library | Current library | Shelving location | Date acquired | Source of acquisition | Cost, normal purchase price | Serial Enumeration / chronology | Total Checkouts | Full call number | Barcode | Date last seen | Cost, replacement price | Price effective from | Koha item type | Total Renewals | Date checked out |
|---|---|---|---|---|---|---|---|---|---|---|---|---|---|---|---|---|---|---|---|---|---|
| Dewey Decimal Classification | Baccah | Central Library | Central Library | Second Floor | 22/01/2015 | 104.00 | 21291 | 820.711 YOU | 000037353 | 15/07/2025 | 130.00 | 22/01/2015 | Book - Borrowing | ||||||||
| Dewey Decimal Classification | Baccah | Central Library | Central Library | Second Floor | 04/09/2016 | Purchase | 254.00 | 26103 | 820.711 YOU | 000033525 | 15/07/2025 | 317.00 | 04/09/2016 | Book - Borrowing | |||||||
| Dewey Decimal Classification | Baccah | Central Library | Central Library | Second Floor | 25/09/2016 | Purchase | 300.00 | 820.711 YOU | 000033645 | 15/07/2025 | NB - Book (Non borrowing) | ||||||||||
| Dewey Decimal Classification | Baccah | Central Library | Central Library | Second Floor | 25/09/2016 | Purchase | 300.00 | 820.711 YOU | 000033646 | 15/07/2025 | Book - Borrowing | ||||||||||
| Dewey Decimal Classification | Baccah | Central Library | Central Library | Second Floor | 25/09/2016 | Purchase | 300.00 | 1 | 820.711 YOU | 000033647 | 15/07/2025 | Book - Borrowing | 1 | 19/09/2017 | |||||||
| Dewey Decimal Classification | Baccah | Central Library | Central Library | Second Floor | 25/09/2016 | Purchase | 300.00 | 820.711 YOU | 000033648 | 15/07/2025 | Book - Borrowing |